| 000 | 00575nam a2200193Ia 4500 | ||
|---|---|---|---|
| 003 | IN-BaIIA | ||
| 005 | 20250709141618.0 | ||
| 008 | 211028s9999 xx 000 0 eng d | ||
| 040 | _cIIA Library | ||
| 080 |
_a629.19(047.1) _bASS-S1 |
||
| 100 |
_aLange, H. Oswald _94539 |
||
| 245 | 0 |
_aAdvance in space science and technology _bvol. 7, (suppl. 1) _cOswald H. Lange and Richard J. Stein |
|
| 260 |
_aNew York _bAcademic Press _c1963 |
||
| 300 | _aviii, 317p. | ||
| 650 | _aNASA Thesaurus | ||
| 650 | _aSpace Science | ||
| 700 |
_aStein, J. Richard _94540 |
||
| 942 |
_cBK _2ddc |
||
| 999 |
_c2549 _d2549 |
||